000 00449cam a2200181 4500
001 D6114
008 090401t1975 xxu||||| |||| 00| 0 eng d
035 _a(Sirsi) u85709
041 _aeng
050 _a914.21
100 _aJenkins, Simon
245 _aLandlords to London: the story of a capital and its growth
260 _aLondon
_bConstable
_c1975
300 _aix. 310p. illus. 23cm
350 _a4.5
942 _n0
948 _c04/03/1997
999 _c97067
_d97067